Tilastot visalle Eniten öljyä kuluttavat valtiot

Klikkaa tästä pelataksesi tätä visaa!

Yleistilastot

  • Tätä visaa on pelattu 348 kertaa
  • Keskiarvotulos 17 / 21

Vastaustilastot

bbl / päiväValtio% Oikein
19,9 milYhdysvallat
99%
13,2 milKiina
98%
3,22 milVenäjä
96%
1,61 milRanska
94%
2,43 milKanada
94%
4,69 milIntia
93%
3,99 milJapani
92%
2,45 milSaksa
92%
3,02 milBrasilia
91%
1,93 milMeksiko
88%
1,00 milAustralia
88%
1,26 milItalia
87%
1,23 milEspanja
87%
1,56 milYhdistynyt kuningaskunta
84%
3,92 milSaudi-Arabia
83%
1,95 milIran
81%
1,63 milIndonesia
79%
2,80 milEtelä-Korea
67%
1,34 milThaimaa
61%
1,03 milTaiwan
37%
1,34 milSingapore
24%

Tulosjakauma

Persentiili vastausten määrän mukaan

Jokaisen tuloksen saaneiden osuus

Tuloshistoriasi

Et ole pelannut tätä visaa